Felicidad - ¡Muerte súbita! - Estadísticas

Estadísticas generales
  • Esta prueba ha sido intentada 4.380 veces
  • La puntuación promedio es 15 de 19
Answers on the Grid
Answers color-coded by a green-red scale on the quiz's grid according to % correct below.
Afligido
Afortunado
Agraviado
Alegre
Bienaventurado
Boyante
Contento
Desamparado
Desarraigado
Desconsolado
Desenfadado
Deslumbrante
Dolido
Efervescente
Entusiasmado
Eufórico
Exaltado
Fastidiado
Gozoso
Gruñón
Indignado
Insípido
Jocoso
Jubiloso
Melancólico
Pusilánime
Quejumbroso
Radiante
Regocijado
Saltarín
Temeroso
Ufano
Vivaz
 
Estadísticas de respuestas
Respuesta % Correcto
Alegre
91%
Contento
90%
Radiante
89%
Entusiasmado
88%
Eufórico
88%
Vivaz
87%
Afortunado
86%
Gozoso
86%
Bienaventurado
85%
Exaltado
85%
Saltarín
84%
Deslumbrante
82%
Efervescente
77%
Jubiloso
76%
Jocoso
73%
Boyante
69%
Regocijado
64%
Desenfadado
63%
Ufano
49%
No se encontraron pruebas coincidentes
Distribución de puntuación
Porcentaje de gente con cada puntuación
Porcentaje por número respondido
Historial de tus puntuaciones
No has intentado esta prueba.